| 000 | 00776cam a2200217 4500 | ||
|---|---|---|---|
| 001 | WB3608-12 | ||
| 008 | 000000n2000 000 0 eng u | ||
| 035 | _a(Sirsi) u104326 | ||
| 245 | _aPolluters face clean up costs | ||
| 260 | _c2000 | ||
| 490 |
_aPlanning (for the Natural and Built Environment) _v18 February 2000, 1, 3(1) |
||
| 520 | _aIf proposals contained in a new European Commission white paper on environmental liability becomes law, polluters will have to pay for contaminated land to be restored to its 'natural state'. | ||
| 590 | _aWB | ||
| 650 | _aCONTAMINATED LAND | ||
| 650 | _aPOLLUTERS | ||
| 650 | _aEUROPEAN COMMISSION | ||
| 650 | _aENVIRONMENTAL LIABILITY | ||
| 650 | _aCLEAN-UP COSTS | ||
| 690 | _aENVIRONMENT-CONTAMINATION | ||
| 942 | _n0 | ||
| 999 |
_c62593 _d62593 |
||